Murena shahar ke hindu samaj me vidhwaon ki sthiti evam punarvas: ek samajshastriya adhyayan (Record no. 17236)

MARC details
000 -LEADER
fixed length control field 00430nam a2200145Ia 4500
082 ## - DEWEY DECIMAL CLASSIFICATION NUMBER
Classification number TB.0064
100 ## - MAIN ENTRY--AUTHOR NAME
Personal name Bansal, Vimla
245 #0 - TITLE STATEMENT
Title Murena shahar ke hindu samaj me vidhwaon ki sthiti evam punarvas: ek samajshastriya adhyayan
260 ## - PUBLICATION, DISTRIBUTION, ETC. (IMPRINT)
Year of publication 1981
Name of publisher Jiwaji University
300 ## - PHYSICAL DESCRIPTION
Number of Pages 236
650 ## - SUBJECT ADDED ENTRY--TOPICAL TERM
Topical Term Widows
Geographic subdivision Madhya Pradesh
-- Murena
650 ## - SUBJECT ADDED ENTRY--TOPICAL TERM
Topical Term Hindu women
Geographic subdivision Madhya Pradesh
-- Murena
710 ## - ADDED ENTRY--CORPORATE NAME
Corporate name or jurisdiction name as entry element Govila, Usha
942 ## - ADDED ENTRY ELEMENTS (KOHA)
Koha item type Thesis
Source of classification or shelving scheme Dewey Decimal Classification
Holdings
Withdrawn status Lost status Damaged status Not for loan Home library Current library Date acquired Bill Date Full call number Accession Number Price effective from Koha item type
        NASSDOC Library NASSDOC Library 08/10/2004 2004-10-22 TB.0064 15294 18/04/2019 Thesis